00755nam a2200217Ii 450000100060000000300090000600800410001504000330005604100080008908200170009710000300011424500270014426400600017130000120023133600260024333700280026933800270029794000510032499900170037595201450039210095CO-ViMGA241108s9999||||xx |||||||||||||| ||und|| aCO-ViMGAbspaerdacCO-ViMGA0 aunk04aH860.09-T6891 aGuillermo de Torre95484510aLa aventura y el orden 1a[Lugar de publicación no identificado] : Losada, 1948 avolumen atextbtxt2rdacontent aunmediatedbn2rdamedia avolumebnc2rdacarrier aidficha_siabuc: 9869. -- ficha_no_siabuc:10095 c52107d52107 001040708001aMEVIGERRbMEVIGERRcGENd2006-11-27hVol.1oH860.09-T689pECA10669r2024-11-26 10:08:53tEj.1w2024-11-26yBKz9869 | 13418